[Event "Olympiad-37"]
[Site "Turin"]
[Date "2006.06.02"]
[Round "11"]
[White "Al Tamimi, Hamad"]
[Black "Reefat, Bin Sattar"]
[Result "1-0"]
[WhiteElo "2290"]
[BlackElo "2481"]
[PlyCount "143"]
[EventDate "2006.05.21"]
[EventType "team-swiss"]
[EventRounds "13"]
[EventCountry "ITA"]
[SourceTitle "CBM 113"]
[Source "ChessBase"]
[SourceDate "2006.07.31"]
[SourceVersion "1"]
[SourceVersionDate "2006.07.31"]
[SourceQuality "1"]
[WhiteTeam "Qatar"]
[BlackTeam "Bangladesh"]
[WhiteTeamCountry "QAT"]
[BlackTeamCountry "BAN"]

1. e4 c5 2. Nf3 Nc6 3. Bb5 e6 4. Bxc6 bxc6 5. d3 Ne7 6. Qe2 Qc7 7. 0-0 Ng6 8. Ng5 e5 9. Qh5 d6 10. Na3 h6 11. Nh3 Be7 12. f4 Bxh3 13. Qxh3 exf4 14. Bxf4 Rb8 15. b3 Nxf4 16. Rxf4 0-0 17. Raf1 d5 18. Qh5 Bd6 19. Rg4 Kh7 20. Rf6 g6 21. Rfxg6 Bxh2+ 22. Kh1 fxg6 23. Qxg6+ Kh8 24. Qxh6+ Qh7 25. Qxh7+ Kxh7 26. Kxh2 Rf1 27. exd5 cxd5 28. d4 Ra1 29. dxc5 Rxa2 30. Ra4 Kg6 31. Rxa7 Kf5 32. c6 Rc8 33. Nb5 Rxa7 34. Nxa7 Rc7 35. Nb5 Rh7+ 36. Kg3 Ke6 37. Kf4 Rf7+ 38. Ke3 Rg7 39. Nd4+ Ke5 40. g4 Rxg4 41. c7 Rg8 42. Nb5 Rc8 43. Kd3 Ke6 44. Kd4 Kd7 45. Kxd5 Rh8 46. Kc5 Rh6 47. c4 Rh3 48. Kb6 Rh6+ 49. Kb7 Rc6 50. Kb8 Rc5 51. Ka7 Rc6 52. Kb7 Rc5 53. Kb6 Rc6+ 54. Ka5 Rc5 55. Kb4 Rc6 56. Kc3 Rh6 57. c5 Rh4 58. b4 Rg4 59. Kb3 Rg6 60. Kc4 Rg4+ 61. Kc3 Rh4 62. Kb3 Rh6 63. Nd4 Kxc7 64. b5 Rh5 65. Kc4 Rh4 66. b6+ Kb7 67. Kd5 Rh1 68. Nb3 Rb1 69. Na5+ Ka6 70. Nc4 Rc1 71. Nd6 Rb1 72. Kc6 1-0

[Event "Abu Dhabi op 15th"]
[Site "Abu Dhabi"]
[Date "2005.08.23"]
[Round "9"]
[White "Al Tamimi, Hamad"]
[Black "Mahjoob, Morteza"]
[Result "1-0"]
[WhiteElo "2244"]
[BlackElo "2442"]
[PlyCount "116"]
[EventDate "2005.08.14"]
[EventType "swiss"]
[EventRounds "9"]
[EventCountry "UAE"]
[SourceTitle "CBM 107 Extra"]
[Source "ChessBase"]
[SourceDate "2005.09.01"]
[SourceVersion "1"]
[SourceVersionDate "2005.09.01"]
[SourceQuality "1"]

1. e4 c5 2. Nf3 e6 3. c3 d5 4. exd5 exd5 5. d4 Nc6 6. Bb5 Bd6 7. dxc5 Bxc5 8. 0-0 Nge7 9. Nbd2 0-0 10. Nb3 Bd6 11. Bd3 f6 12. h3 a6 13. Nbd4 Bc7 14. Qc2 g6 15. Bh6 Rf7 16. Nxc6 bxc6 17. Rfe1 Bf5 18. Rad1 Qd7 19. Bxf5 Nxf5 20. Be3 Nd6 21. Bf4 Nc4 22. Bxc7 Qxc7 23. b3 Ne5 24. Nd4 c5 25. Ne2 Rd8 26. Rd2 Rfd7 27. Red1 a5 28. f4 Nc6 29. Qd3 a4 30. bxa4 Ne7 31. Qf3 Qa5 32. f5 g5 33. h4 h6 34. Qh5 Kg7 35. Qg4 h5 36. Qf3 g4 37. Qf4 Kf7 38. Qh6 Qxa4 39. Nf4 Rh8 40. Qxh8 Qxf4 41. Rf2 Qe4 42. Qh7+ Ke8 43. Qxh5+ Kd8 44. Qh6 Kc7 45. Qxf6 g3 46. Rf3 Nc6 47. Qg5 Qc2 48. Qd2 Qa4 49. Qf4+ Qxf4 50. Rxf4 d4 51. f6 Rf7 52. cxd4 Nxd4 53. Rdxd4 cxd4 54. Rxd4 Rxf6 55. Rg4 Rh6 56. Kf1 Rf6+ 57. Ke1 Re6+ 58. Kd2 Rg6 1-0

[Event "Abu Dhabi op 15th"]
[Site "Abu Dhabi"]
[Date "2005.08.17"]
[Round "4"]
[White "Al Tamimi, Hamad"]
[Black "Sachdev, Tania"]
[Result "1/2-1/2"]
[WhiteElo "2244"]
[BlackElo "2343"]
[PlyCount "54"]
[EventDate "2005.08.14"]
[EventType "swiss"]
[EventRounds "9"]
[EventCountry "UAE"]
[SourceTitle "CBM 107 Extra"]
[Source "ChessBase"]
[SourceDate "2005.09.01"]
[SourceVersion "1"]
[SourceVersionDate "2005.09.01"]
[SourceQuality "1"]

1. e4 c5 2. Nf3 e6 3. c3 d5 4. exd5 exd5 5. d4 Nf6 6. Bb5+ Bd7 7. Bxd7+ Nbxd7 8. 0-0 Be7 9. dxc5 Nxc5 10. Nd4 0-0 11. Nf5 Nce4 12. Nxe7+ Qxe7 13. Be3 Rfe8 14. Nd2 b5 15. Bd4 b4 16. cxb4 Qxb4 17. Nb3 Qd6 18. f3 Ng5 19. Qd2 h6 20. Rad1 Rac8 21. Bxa7 Qa6 22. Bd4 Re2 23. Qd3 Rcc2 24. Rf2 Re1+ 25. Rf1 Ree2 26. Rf2 Re1+ 27. Rf1 Ree2 1/2-1/2

[Event "Abu Dhabi op 15th"]
[Site "Abu Dhabi"]
[Date "2005.08.16"]
[Round "3"]
[White "Khouri, Ibrahim Mohamed"]
[Black "Al Tamimi, Hamad"]
[Result "0-1"]
[WhiteElo "2062"]
[BlackElo "2244"]
[PlyCount "94"]
[EventDate "2005.08.14"]
[EventType "swiss"]
[EventRounds "9"]
[EventCountry "UAE"]
[SourceTitle "CBM 107 Extra"]
[Source "ChessBase"]
[SourceDate "2005.09.01"]
[SourceVersion "1"]
[SourceVersionDate "2005.09.01"]
[SourceQuality "1"]

1. e4 c6 2. d4 d5 3. f3 dxe4 4. fxe4 e5 5. Nf3 Nf6 6. Bc4 exd4 7. 0-0 Be6 8. Bxe6 fxe6 9. e5 Ne4 10. Qe2 Qd5 11. Rd1 Bc5 12. Be3 0-0 13. c3 d3 14. Rxd3 Qc4 15. b4 Be7 16. Bd4 Ng5 17. Nfd2 Qa6 18. a4 Nf7 19. Nf3 Nd7 20. Nbd2 Rad8 21. Re3 Qxe2 22. Rxe2 c5 23. bxc5 Nxc5 24. Rb1 Rd7 25. a5 Rc8 26. Ne4 Nxe4 27. Rxe4 a6 28. Re2 Nd8 29. Reb2 Bc5 30. Kf2 Rd5 31. Ra2 Rc7 32. Kg3 Nc6 33. Ra4 h6 34. Kf4 Kf7 35. Rc1 Be7 36. Rb1 Nxa5 37. Kg3 Nc6 38. c4 Rxd4 39. Nxd4 Nxd4 40. Rf1+ Ke8 41. Rb1 Nc6 42. Kf4 a5 43. Rb2 Rd7 44. Rb5 Bb4 45. Ra2 Ke7 46. Rf2 Na7 47. Rb6 Bc5 0-1

[Event "Abu Dhabi op 15th"]
[Site "Abu Dhabi"]
[Date "2005.08.14"]
[Round "1"]
[White "Dobrov, Vladimir"]
[Black "Al Tamimi, Hamad"]
[Result "1-0"]
[WhiteElo "2535"]
[BlackElo "2244"]
[PlyCount "47"]
[EventDate "2005.08.14"]
[EventType "swiss"]
[EventRounds "9"]
[EventCountry "UAE"]
[SourceTitle "CBM 107 Extra"]
[Source "ChessBase"]
[SourceDate "2005.09.01"]
[SourceVersion "1"]
[SourceVersionDate "2005.09.01"]
[SourceQuality "1"]

1. d4 d5 2. c4 e6 3. Nc3 Be7 4. Nf3 Nf6 5. Bf4 0-0 6. e3 Nbd7 7. a3 dxc4 8. Bxc4 c5 9. dxc5 Nxc5 10. Qe2 Nce4 11. Nxe4 Nxe4 12. 0-0 Bd6 13. Bd3 Bxf4 14. Bxe4 Bc7 15. Rac1 Bb6 16. Rc4 Qe7 17. Rd1 e5 18. Qc2 g6 19. Bd5 Bf5 20. Qc3 Rfe8 21. g4 Bc8 22. a4 a5 23. Qb3 Bc7 24. Bxf7+ 1-0

[Event "Bajada de la Virgen op 3rd"]
[Site "Santa Cruz de La Palma"]
[Date "2005.06.14"]
[Round "2"]
[White "Herrera Reyes, Jose Antonio"]
[Black "Al Tamimi, Hamad"]
[Result "0-1"]
[WhiteElo "1973"]
[BlackElo "2244"]
[PlyCount "54"]
[EventDate "2005.06.13"]
[EventType "swiss"]
[EventRounds "9"]
[EventCountry "ESP"]
[SourceTitle "CBM 106 Extra"]
[Source "ChessBase"]
[SourceDate "2005.07.01"]
[SourceVersion "1"]
[SourceVersionDate "2005.07.01"]
[SourceQuality "1"]

1. d4 d5 2. Nf3 Nf6 3. g3 e6 4. Bg2 Be7 5. 0-0 0-0 6. b3 b6 7. Bb2 Bb7 8. Nbd2 Nbd7 9. c4 dxc4 10. bxc4 c5 11. Nb3 Rc8 12. Rc1 Qc7 13. Qc2 Be4 14. Qc3 Qb7 15. Rcd1 Rfd8 16. Rfe1 cxd4 17. Rxd4 Nc5 18. Nxc5 Bxc5 19. Rdd1 Bc6 20. Qe5 Bxf2+ 21. Kf1 Bxe1 22. Rxd8+ Rxd8 23. Kxe1 Qe7 24. a3 Qd6 25. Qg5 h6 26. Qh4 Bxf3 27. Bxf6 Qd2+ 0-1

[Event "Bajada de la Virgen op 3rd"]
[Site "Santa Cruz de La Palma"]
[Date "2005.06.13"]
[Round "1"]
[White "Al Tamimi, Hamad"]
[Black "Delchev, Aleksander"]
[Result "0-1"]
[WhiteElo "2244"]
[BlackElo "2614"]
[PlyCount "104"]
[EventDate "2005.06.13"]
[EventType "swiss"]
[EventRounds "9"]
[EventCountry "ESP"]
[SourceTitle "CBM 106 Extra"]
[Source "ChessBase"]
[SourceDate "2005.07.01"]
[SourceVersion "1"]
[SourceVersionDate "2005.07.01"]
[SourceQuality "1"]

1. e4 c5 2. Nf3 e6 3. c3 Nf6 4. e5 Nd5 5. Bc4 d6 6. d4 cxd4 7. cxd4 Nb6 8. Bb3 dxe5 9. dxe5 Qxd1+ 10. Bxd1 Nc6 11. 0-0 Be7 12. Nc3 0-0 13. Be2 Nb4 14. Bg5 Bxg5 15. Nxg5 Bd7 16. a3 N4d5 17. Nxd5 Nxd5 18. Bd3 h6 19. Nf3 Bc6 20. Be4 Ne7 21. Bxc6 Nxc6 22. Rfd1 Rfd8 23. Kf1 Kf8 24. Ke2 Ke7 25. b4 a6 26. Ke3 g5 27. h3 Rac8 28. Rxd8 Rxd8 29. Rc1 Rd5 30. Rc5 Kd7 31. Ke4 Rd1 32. Rc3 Rf1 33. Ke3 Ne7 34. Ke2 Ra1 35. Nd2 Nd5 36. Rd3 Ke7 37. Kf3 Nb6 38. Rc3 Nd7 39. Re3 Rc1 40. Nb3 Rc2 41. g3 b6 42. Nd4 Rc4 43. Ke4 Nc5+ 44. bxc5 bxc5 45. Rd3 Ra4 46. Ke3 cxd4+ 47. Ke4 h5 48. g4 hxg4 49. hxg4 Kf8 50. f3 Ke8 51. Rb3 Kd8 52. f4 d3+ 0-1